<?xml version="1.0" encoding="UTF-8"?>
<collection xmlns="http://www.loc.gov/MARC21/slim">
 <record>
  <leader>00828cam a2200217 7i4500</leader>
  <controlfield tag="001">0000129189</controlfield>
  <controlfield tag="005">20170817090000.0</controlfield>
  <controlfield tag="008">170514         th                  eng   </controlfield>
  <datafield tag="020" ind1="#" ind2="0">
   <subfield code="a">6162151158 </subfield>
  </datafield>
  <datafield tag="020" ind1="#" ind2="0">
   <subfield code="a">9786162151156 </subfield>
  </datafield>
  <datafield tag="090" ind1="0" ind2="0">
   <subfield code="a">GV 1114.75 </subfield>
   <subfield code="b">.M3 2015</subfield>
  </datafield>
  <datafield tag="100" ind1="1" ind2="#">
   <subfield code="a">Maryono, O'ong, </subfield>
  </datafield>
  <datafield tag="245" ind1="0" ind2="0">
   <subfield code="a">Pencak silat for future generations : </subfield>
   <subfield code="b">my training guide to Keluarga Pencak Silat Nusantara techniques  </subfield>
   <subfield code="c">by O'ong Maryono.</subfield>
  </datafield>
  <datafield tag="260" ind1="#" ind2="#">
   <subfield code="a">Thailand: </subfield>
   <subfield code="b">Silkworm Books, </subfield>
   <subfield code="c">2015.</subfield>
  </datafield>
  <datafield tag="300" ind1="#" ind2="#">
   <subfield code="a">xiv, 251 p.: </subfield>
   <subfield code="b">ill.; </subfield>
   <subfield code="c">21 cm..</subfield>
  </datafield>
  <datafield tag="590" ind1="#" ind2="#">
   <subfield code="a">Pusat Pendidikan Asas Liberal</subfield>
  </datafield>
  <datafield tag="610" ind1="1" ind2="0">
   <subfield code="a">Keluarga Pencak Silat Nusantara (Organization) </subfield>
  </datafield>
  <datafield tag="650" ind1="0" ind2="0">
   <subfield code="a">Martial arts -- </subfield>
   <subfield code="z">Indonesia </subfield>
  </datafield>
  <datafield tag="650" ind1="0" ind2="0">
   <subfield code="a">Hand-to-hand fighting, Oriental -- </subfield>
   <subfield code="z">Indonesia </subfield>
  </datafield>
  <datafield tag="650" ind1="0" ind2="0">
   <subfield code="a">Pencak silat -- </subfield>
   <subfield code="z">Indonesia </subfield>
  </datafield>
  <datafield tag="999" ind1=" " ind2=" ">
   <subfield code="a">1100100485</subfield>
   <subfield code="b">Book</subfield>
   <subfield code="c">Open Shelf</subfield>
   <subfield code="e">KOLEKSI TERBUKA</subfield>
  </datafield>
 </record>
</collection>
